Spell the Marvel Character #257 - Statistics

General Stats
  • This quiz has been taken 16 times
  • The average score is 6 of 9
Answer Stats
Picture Answer % Correct
Ant-Man
92%
Rocket Raccoon
85%
Spectrum
85%
Iron Fist
77%
Galacta
62%
Night Thrasher
62%
Thena
62%
Spider-Boy
54%
Star Sign
54%
No matching quizzes found
Score Distribution
Percent of People with Each Score
Percentile by Number Answered
Your Score History
You have not taken this quiz